000 00370nam a2200133Ia 4500
008 220214s9999 xx 000 0 und d
100 _aRuzette Anne-Valerie G
245 2 _aA Simple free energy model for weakly interacting polymer blends
260 _bMacromolecules
_c2001
300 _a1894-1907
650 _aPolymer blends
700 _aMayes Anne M
942 _cRE
999 _c45516
_d45516